Pays du monde par langue(s) officielle(s) - Statistiques

Statistiques générales
  • Ce quiz a été pris 564 fois
  • Le résultat moyen est 174 sur 196
Réponses sur la Carte
Les réponses sont colorées sur une échelle allant du rouge au vert en fonction du pourcentage des utilisateurs qui les ont devinées à leur premier essai. Vous pouvez retrouver ces pourcentages ci-dessous.
 
Statistiques - réponses
Pays Langue(s) officielle(s) % Correct
Belgique Allemand, Français et Néerlandais
100%
Burundi Anglais, Français et Kirundi
100%
Cameroun Anglais et Français
100%
Canada Anglais et Français
100%
Luxembourg Allemand, Français et Luxembourgeois
100%
Rwanda Anglais, Français, Kinyarwanda et Swahili
100%
Seychelles Anglais, Créole Seychellois et Français
100%
Suisse Allemand, Italien, Français et Romanche
100%
Vanuatu Anglais, Bichelamar et Français
100%
Afrique du Sud Afrikaans, Anglais, Ndébélé, Sotho du Sud, Sotho du Nord, Swati, Tsonga, Tswana, Venda, Xhosa et Zoulou
99%
Angola Kikongo et Portugais
99%
Antigua-et-Barbuda Anglais
99%
Argentine Espagnol
99%
Australie Anglais
99%
Bahamas Anglais
99%
Barbade Anglais
99%
Belize Anglais
99%
Bénin Français
99%
Bolivie Aymara, Espagnol, Quechua et 36 autres langues
99%
Botswana Anglais et Tswana
99%
Brésil Portugais
99%
Brunei Anglais et Malais
99%
Burkina Faso Français
99%
Cap-Vert Portugais
99%
Chili Espagnol
99%
Colombie Espagnol
99%
Comores Arabe, Comorien et Français
99%
Costa Rica Espagnol
99%
Côte d'Ivoire Français
99%
Cuba Espagnol
99%
Djibouti Arabe et Français
99%
Dominique Anglais
99%
Équateur Espagnol
99%
Espagne Espagnol
99%
Eswatini Anglais et Swati
99%
États Fédérés de Micronésie Anglais
99%
États-Unis Anglais
99%
Fidji Anglais, Fidjien et Hindi des Fidji
99%
France Français
99%
Gabon Français
99%
Gambie Anglais
99%
Ghana Anglais
99%
Grenade Anglais
99%
Guatemala Espagnol
99%
Guinée Français
99%
Guinée-Bissau Portugais
99%
Guinée Équatoriale Anglais, Français et Portugais
99%
Guyana Anglais
99%
Haïti Créole haïtien et Français
99%
Honduras Espagnol
99%
Îles Marshall Anglais et Marshallais
99%
Îles Salomon Anglais
99%
Inde Anglais et Hindi
99%
Irlande Anglais et Irlandais
99%
Jamaïque Anglais
99%
Kenya Anglais et Swahili
99%
Kiribati Anglais et Gilbertin
99%
Lesotho Anglais et Sotho du Sud
99%
Liberia Anglais
99%
Madagascar Français et Malgache
99%
Malawi Anglais et Chewa
99%
Mali Français
99%
Mexique Espagnol
99%
Monaco Français
99%
Mozambique Portugais
99%
Namibie Anglais
99%
Nauru Anglais et Nauruan
99%
Nicaragua Espagnol
99%
Niger Français
99%
Nigeria Anglais
99%
Nouvelle-Zélande Anglais et Maori
99%
Ouganda Anglais et Swahili
99%
Pakistan Anglais et Ourdou
99%
Palaos Anglais et Paluan
99%
Panama Espagnol
99%
Papouasie-Nouvelle- Guinée Anglais, Hiri Motu et Tok Pisin
99%
Paraguay Espagnol et Guarani
99%
Pérou Espagnol et Quechua
99%
Philippines Anglais et Philippin
99%
Portugal Portugais
99%
République Centrafricaine Français et Sango
99%
République Démocratique du Congo Français
99%
République Dominicaine Espagnol
99%
République du Congo Français
99%
Royaume-Uni Anglais
99%
Saint-Christophe- et-Niévès Anglais
99%
Sainte-Lucie Anglais
99%
Saint-Vincent-et-les- Grenadines Anglais
99%
Salvador Espagnol
99%
Samoa Anglais et Samoan
99%
Sao Tomé-et-Principe Portugais
99%
Sénégal Français
99%
Sierra Leone Anglais
99%
Singapour Anglais, Malais, Mandarin et Tamoul
99%
Soudan Anglais et Arabe
99%
Soudan du Sud Anglais
99%
Tanzanie Anglais et Swahili
99%
Tchad Arabe et Français
99%
Timor Oriental Portugais et Tétoum
99%
Togo Français
99%
Tonga Anglais et Tongien
99%
Trinité-et-Tobago Anglais
99%
Tuvalu Anglais et Tuvaluan
99%
Uruguay Espagnol
99%
Venezuela Espagnol
99%
Zambie Anglais
99%
Zimbabwe Anglais, Ndébélé du Nord et Shona
99%
Algérie Arabe et Berbère
98%
Allemagne Allemand
98%
Arabie Saoudite Arabe
98%
Autriche Allemand
98%
Bahreïn Arabe
98%
Biélorussie Biélorusse et Russe
98%
Chine Mandarin
98%
Égypte Arabe
98%
Émirats Arabes Unis Arabe
98%
Irak Arabe et Kurde
98%
Jordanie Arabe
98%
Kazakhstan Kazakh et Russe
98%
Kirghizistan Kirghize et Russe
98%
Koweït Arabe
98%
Liban Arabe
98%
Libye Arabe
98%
Liechtenstein Allemand
98%
Maroc Arabe et Berbère
98%
Mauritanie Arabe
98%
Oman Arabe
98%
Qatar Arabe
98%
Russie Russe
98%
Somalie Arabe et Somali
98%
Syrie Arabe
98%
Taïwan Mandarin
98%
Tunisie Arabe
98%
Yémen Arabe
98%
Italie Italien
97%
Saint-Marin Italien
97%
Vatican Italien
97%
Chypre Grec et Turc
95%
Japon Japonais
95%
Finlande Finnois et Suédois
93%
Pologne Polonais
93%
Suède Suédois
93%
Norvège Norvégien et Same
92%
Turquie Turc
92%
Grèce Grec
91%
Danemark Danois
90%
Corée du Nord Coréen
88%
Corée du Sud Coréen
88%
Ukraine Ukrainien
88%
Mongolie Mongol
87%
Pays-Bas Néerlandais
87%
Suriname Néerlandais
87%
Bosnie-Herzégovine Serbo-Croate (Serbe, Croate et Bosnien)
86%
Moldavie Roumain (Moldave)
86%
Islande Islandais
85%
Roumanie Roumain
85%
Kosovo Albanais et Serbo-croate (Serbe)
83%
Lettonie Letton
82%
Croatie Serbo-croate (Croate)
81%
Estonie Estonien
81%
Indonésie Indonésien
81%
Thaïlande Thaï
80%
Lituanie Lituanien
79%
Monténégro Serbo-croate (Monténégrin)
78%
Serbie Serbo-croate (Serbe)
78%
Hongrie Hongrois
77%
République Tchèque Tchèque
77%
Bulgarie Bulgare
76%
Viêt Nam Vietnamien
74%
Macédoine du Nord Albanais et Macédonien
73%
Slovaquie Slovaque
73%
Albanie Albanais
70%
Iran Persan
70%
Tadjikistan Persan (Tadjik)
70%
Slovénie Slovène
65%
Arménie Arménien
64%
Malaisie Malais
63%
Népal Népalais
62%
Géorgie Géorgien
61%
Laos Lao
60%
Birmanie Birman
53%
Israël Hébreu
49%
Ouzbékistan Ouzbek
46%
Azerbaïdjan Azéri
44%
Malte Maltais
41%
Bangladesh Bengali
32%
Afghanistan Persan (Dari) et Pachto
31%
Turkménistan Turkmène
24%
Cambodge Khmer
23%
Maurice Créole mauricien
22%
Sri Lanka Singhalais et Tamoul
20%
Maldives Maldivien
16%
Éthiopie Amharique
10%
Andorre Catalan
9%
Bhoutan Dzongkha
8%
Érythrée Tigrigna
6%
Aucun quiz correspondant
Distribution des résultats
% des personnes avec chaque résultat
Percentile par nombre de réponses
Votre historique - résultats
Vous n’avez pas pris ce quiz